| 000 | 00620nam a22002177a 4500 | ||
|---|---|---|---|
| 999 |
_c6531 _d6531 |
||
| 003 | OSt | ||
| 005 | 20200129164744.0 | ||
| 008 | 200129b ||||| |||| 00| 0 eng d | ||
| 020 | _a9781848600867 | ||
| 040 | _cDDC | ||
| 082 | _a658 FIN 2010 | ||
| 100 |
_aFineman, Stephen; Gabriel, Yiannis; Sims, David _913417 |
||
| 245 | _aOrganizing & Organizations | ||
| 250 | _a4th ed. | ||
| 260 |
_aLos Angeles; _bSage, _c2010 |
||
| 300 |
_axv,504p; _bIll: _c23cm |
||
| 504 | _aBibliography, & indices included | ||
| 650 |
_aOrganizing organizations _913418 |
||
| 650 |
_aOrganizational management _913419 |
||
| 942 |
_2z _cO_SHELF |
||